<?xml version="1.0" encoding="UTF-8"?>
<record
    xmlns:xsi="http://www.w3.org/2001/XMLSchema-instance"
    xsi:schemaLocation="http://www.loc.gov/MARC21/slim http://www.loc.gov/standards/marcxml/schema/MARC21slim.xsd"
    xmlns="http://www.loc.gov/MARC21/slim">

  <leader>01232    a2200181   4500</leader>
  <controlfield tag="003">NUST</controlfield>
  <controlfield tag="005">20221213152344.0</controlfield>
  <datafield tag="020" ind1=" " ind2=" ">
    <subfield code="a">817649030x</subfield>
  </datafield>
  <datafield tag="040" ind1=" " ind2=" ">
    <subfield code="c">Nust</subfield>
  </datafield>
  <datafield tag="082" ind1=" " ind2=" ">
    <subfield code="a">303.3,GRE</subfield>
  </datafield>
  <datafield tag="100" ind1=" " ind2=" ">
    <subfield code="a">Greene , Robert</subfield>
    <subfield code="9">89094</subfield>
  </datafield>
  <datafield tag="245" ind1=" " ind2=" ">
    <subfield code="a">The 48 Laws of Power /</subfield>
    <subfield code="c">Robert Greene</subfield>
  </datafield>
  <datafield tag="260" ind1=" " ind2=" ">
    <subfield code="a">New Delhi</subfield>
    <subfield code="b">ViVa Books</subfield>
    <subfield code="c">1999</subfield>
  </datafield>
  <datafield tag="300" ind1=" " ind2=" ">
    <subfield code="a">xxiii,450:p.;</subfield>
  </datafield>
  <datafield tag="505" ind1=" " ind2=" ">
    <subfield code="a">Never Outshine the Master (Page-1), Never Put too Much Trust in friends (Page-8), Conceal your Intentions (Pge-16), Always say less than Necessary (Page-310, So Much depends on Reputation &#x2013;Guard it with your Life (Pge-37), Court Attention at All Cost (Pge-44), Get Others to do the work for you, But Always tale the Credit (Page-56), Make Other People Come to you Use Bait if Necessary (Page-62) Infection: Avoid the unhappy and Unlucky (Page-76), Learn to keep People Dependent on you (Page-82), When Asking for Helf Appeal to People&#x2019;s Self Interest Never to their Mercy or Gratitude (Page-95) Pose as a friend work as a SPY (Page-101), Crush your Enemy Totally (Page-107), Use Absence to Increase Respect and Honor (Page-115), Know who yours Dealing with-Donot offend the Wrong Person (Page-137).    </subfield>
  </datafield>
  <datafield tag="650" ind1=" " ind2=" ">
    <subfield code="a">Power</subfield>
    <subfield code="9">104755</subfield>
  </datafield>
  <datafield tag="942" ind1=" " ind2=" ">
    <subfield code="2">ddc</subfield>
    <subfield code="c">BK</subfield>
    <subfield code="k">303.3,GRE</subfield>
  </datafield>
  <datafield tag="999" ind1=" " ind2=" ">
    <subfield code="c">184630</subfield>
    <subfield code="d">184630</subfield>
  </datafield>
  <datafield tag="952" ind1=" " ind2=" ">
    <subfield code="0">0</subfield>
    <subfield code="1">0</subfield>
    <subfield code="2">ddc</subfield>
    <subfield code="4">0</subfield>
    <subfield code="7">0</subfield>
    <subfield code="a">MCS</subfield>
    <subfield code="b">MCS</subfield>
    <subfield code="c">GEN</subfield>
    <subfield code="d">2016-12-12</subfield>
    <subfield code="l">3</subfield>
    <subfield code="o">303.3,GRE</subfield>
    <subfield code="p">MCS28137</subfield>
    <subfield code="q">2023-01-12</subfield>
    <subfield code="r">2022-12-13</subfield>
    <subfield code="s">2022-12-13</subfield>
    <subfield code="w">2016-12-12</subfield>
    <subfield code="y">BK</subfield>
    <subfield code="z">Almirah No.49, Shelf No.1</subfield>
  </datafield>
  <datafield tag="952" ind1=" " ind2=" ">
    <subfield code="0">0</subfield>
    <subfield code="1">0</subfield>
    <subfield code="2">ddc</subfield>
    <subfield code="4">0</subfield>
    <subfield code="7">0</subfield>
    <subfield code="a">MCS</subfield>
    <subfield code="b">MCS</subfield>
    <subfield code="c">GEN</subfield>
    <subfield code="d">2016-12-12</subfield>
    <subfield code="l">2</subfield>
    <subfield code="o">303.3,GRE</subfield>
    <subfield code="p">MCS28613</subfield>
    <subfield code="r">2025-10-13</subfield>
    <subfield code="s">2023-10-16</subfield>
    <subfield code="w">2016-12-12</subfield>
    <subfield code="y">BK</subfield>
    <subfield code="z">Almirah No.49, Shelf No.1</subfield>
  </datafield>
</record>
